Global warming in the 21st century (Record no. 406316)

000 -LEADER
fixed length control field 00368cam a22001217a 4500
008 - FIXED-LENGTH DATA ELEMENTS--GENERAL INFORMATION
fixed length control field 180718b2006 xxu||||| |||| 00| 0 eng d
020 ## - INTERNATIONAL STANDARD BOOK NUMBER
International Standard Book Number 0275985865
100 ## - MAIN ENTRY--PERSONAL NAME
Personal name Johansen, Bruce E.
245 ## - TITLE STATEMENT
Title Global warming in the 21st century
Statement of responsibility, etc. by Bruce E. Johansen
260 ## - PUBLICATION, DISTRIBUTION, ETC.
Place of publication, distribution, etc. Connecticut
Name of publisher, distributor, etc. Praeger
Date of publication, distribution, etc. 2006
300 ## - PHYSICAL DESCRIPTION
Extent 275p.
500 ## - GENERAL NOTE
General note Contents: v.1. Our evolving climate crisis
Holdings
Withdrawn status Lost status Damaged status Not for loan Permanent Location Current Location Date acquired Full call number Barcode Date last seen Price effective from Koha item type
        Indian Institute of Public Administration Indian Institute of Public Administration 2007-04-18 O91 J62 81697 2018-07-21 2018-07-21 Book
        Indian Institute of Public Administration Indian Institute of Public Administration 2007-04-18 O91 J62 81696 2018-07-21 2018-07-21 Book
        Indian Institute of Public Administration Indian Institute of Public Administration 2007-04-18 O91 J62 81695 2018-07-21 2018-07-21 Book

Powered by Koha